Statistics for Historical Figures of Belgium

Click here to take the quiz!

General Stats

  • This quiz has been taken 116 times
  • The average score is 8 of 17

Answer Stats

DescriptionName% Correct
5th king (1930-1993)King Baudouin
89%
Bicycle racer (1945-)Eddy Merckx
83%
2d king (1835-1909)King Leopold II
82%
Creator of the Saxophone (1814-1894)Adolphe Sax
79%
Surrealist artist who didn't paint a pipe (1898-1967)René Magritte
75%
Creator of Tintin (1907-1983)Georges Remi
73%
Woman tennis player (1982-)Justine Henin
67%
Singer and actor from the flat country (1929-1978)Jacques Brel
56%
Astronaut and first belgian in Space (1941-)Dirk Frimout
45%
Clergyman who fought leprosy (1840-1889)Father Damien
43%
Creator of the Smurfs (1928-1992)Pierre Culliford
41%
Jazz man, greatest Harmonica player (1922-)Toots Thielemans
35%
Famous author of detective genre, creator of Maigret (1903-1989)Georges Simenon
22%
Actor from Namur known for "Man Bites Dog" (1964-)Benoît Poelvoorde
20%
Creator of the Big Bang Theory (1894-1966)Georges Lemaître
6%
Clergywoman who involved in Egypt (1908-2008)Sister Emmanuelle
5%
Actress in "Rosetta" (1981-)Émilie Dequenne
2%

Score Distribution

Percentile by Number Answered

Percent of People with Each Score

Your Score History

You have not taken this quiz